000 01967cam a22005054i 4500
003 PE-LiUPU
005 20250731173055.0
008 180509s1999 ne rb 001 0 eng d
020 _a9789004114036
035 _a(Sirsi) a241518
040 _aPE-LiUPU
_bspa
_cPE-LiUPU
_erda
041 1 _aeng
_afre
049 _aPRUA
082 0 4 _a274.436106
_bT27
_221
100 1 _aTaylor, Larissa,
_eautor.
245 1 0 _aHeresy and orthodoxy in sixteenth-century Paris :
_bFrançois Le Picart and the beginnings of the Catholic Reformation /
_cby Larissa Juliet Taylor.
264 1 _aLeiden ;
_aBoston :
_bBrill,
_c1999.
300 _axvii, 332 páginas ;
_c25 centímetros.
336 _atext
_2rdacontent
337 _aunmediated
_2rdamedia
338 _avolume
_2rdacarrier
490 0 _aStudies in medieval and Reformation thought,
_x0585-6914 ;
_vv. 77
504 _aBibliografía : páginas 311-322.
504 _aÍndice : páginas 323-332.
505 0 _aThe Sources -- Early Life, 1504-1533 -- The Defining Moment, 1533-1534 -- The Faith Embattled -- Friend of the Society -- 6.
_tCatholic Reform --
_gCh. 7.
_tAvant le deluge: The Prophet of Paris? --
_gCh. 8.
_tEndings and Beginnings --
_gApp. A.
_tEpistre -- App. B. -- Sermons.
526 _aSEG42
526 _aSEG41
526 _aSEG40
526 _aSEG39
526 _aP94
526 _aP87
526 _aP86
526 _aP85
526 _aP77
526 _aP76
526 _aP35
541 _20180305;
650 0 4 _aRoman Catholic Church
_zParis
_y16th century.
650 0 4 _aglesia Católica Romana
_zParís
_y siglo XVI.
910 _adbm
_bjpc
_cjpc
_d20180309
942 _2ddc
_cBOOK
994 _aC0
_bPEPRU
596 _a1
999 _a274.436106 T27
_wDEWEY
_c27143
_i78410
_f2021-11-11
_g4
_lCCODEBUL1
_mBUL
_p168.00
_r0
_sY
_tBOOK
_u2018-3-9
_xTEOLOGIA
_PP35
_0DONACION
_o.STAFF. Colección Teología
_d27143
980 _81
_gALBERTO SANCHEZ Responsable de Automatización